000
00341nam a2200145Ia 4500
008
150301s2006 xx 000 0 und d
082
_a
616.07
_b
L06M
100
_a
MEHDI, S.R.
245
_a
LABORATORY PROCEDURES IN HAEMATOLOGY
250
_a
1ST
260
_b
JAYPEE
_a
DELHI
_c
2006
300
_a
96
650
_a
PATHOLOGY
942
_2
ddc
_c
BK
999
_c
6557
_d
6557